Women with Their Emmys Quiz Stats

Quiz Updated Nov 6, 2017

Challenge
Share
Tweet
Score 0/25 Timer 06:00
4 Plays Today
% Correct
Lucille Ball
93.8%
Betty White
93.4%
Jennifer Aniston
86.5%
Sarah Jessica Parker
85.4%
Tina Fey
84.5%
Helen Hunt
80%
Sally Field
77.7%
Julia Louis-Dreyfus
74.7%
Mary Tyler Moore
73.2%
Glenn Close
72.7%
Lisa Kudrow
72.3%
Bea Arthur
71.1%
Rhea Perlman
67.6%
% Correct
Candice Bergen
59.1%
Debra Messing
58.3%
Cloris Leachman
56.3%
Jane Lynch
56.2%
Gillian Anderson
49.2%
Jean Stapleton
48.2%
Patricia Heaton
40%
Doris Roberts
33.8%
Bebe Neuwirth
30.4%
Estelle Getty
27.9%
Megan Mullally
26.6%
Eileen Brennan
20.9%

You're not logged in!

Compare scores with friends on all Sporcle quizzes.
Sign Up with Email
OR
Log In

You Might Also Like...

Show Comments

Extras

Top Quizzes Today


Score Distribution

Your Account Isn't Verified!

In order to create a playlist on Sporcle, you need to verify the email address you used during registration. Go to your Sporcle Settings to finish the process.